<?xml version='1.0' encoding='UTF-8'?>
  <record xmlns="http://www.loc.gov/MARC21/slim">
    <leader>00000cam a2200000   4500</leader>
    <controlfield tag="001">ocm12233006</controlfield>
    <controlfield tag="003">OCoLC</controlfield>
    <controlfield tag="005">20231213210205.5</controlfield>
    <controlfield tag="008">850705s1845    gw cf         000 0 ger d</controlfield>
    <datafield tag="040" ind1=" " ind2=" ">
      <subfield code="a">RES</subfield>
      <subfield code="b">eng</subfield>
      <subfield code="c">RES</subfield>
      <subfield code="d">OCLCG</subfield>
      <subfield code="d">OCLCQ</subfield>
      <subfield code="d">OCLCA</subfield>
      <subfield code="d">OCLCQ</subfield>
      <subfield code="d">OCLCF</subfield>
      <subfield code="d">OCLCQ</subfield>
      <subfield code="d">OCLCO</subfield>
      <subfield code="d">OCLCL</subfield>
    </datafield>
    <datafield tag="029" ind1="1" ind2=" ">
      <subfield code="a">NLGGC</subfield>
      <subfield code="b">153539011</subfield>
    </datafield>
    <datafield tag="035" ind1=" " ind2=" ">
      <subfield code="a">(OCoLC)12233006</subfield>
    </datafield>
    <datafield tag="050" ind1=" " ind2="4">
      <subfield code="a">ML410.B41</subfield>
      <subfield code="b">E68</subfield>
    </datafield>
    <datafield tag="245" ind1="0" ind2="0">
      <subfield code="a">Erinnerung an Ludwig van Beethoven und die Feier der Enthüllung seines Monumentes zu Bonn am 10., 11. und 12. August 1845.</subfield>
      <subfield code="b">Enthaltend L. v. Beethoven's Biographie, eine kurze Geschichte des Monumentes, sein Portrait, Geburtshaus, Grabmal in Wien und Monument in Bonn.</subfield>
    </datafield>
    <datafield tag="260" ind1=" " ind2=" ">
      <subfield code="a">Bonn:</subfield>
      <subfield code="b">B. Pleimes,</subfield>
      <subfield code="c">1845.</subfield>
    </datafield>
    <datafield tag="300" ind1=" " ind2=" ">
      <subfield code="a">1 preliminary leaf, 30 pages</subfield>
      <subfield code="b">frontispiece (portrait), 3 plates</subfield>
      <subfield code="c">22 cm</subfield>
    </datafield>
    <datafield tag="336" ind1=" " ind2=" ">
      <subfield code="a">text</subfield>
      <subfield code="b">txt</subfield>
      <subfield code="2">rdacontent</subfield>
    </datafield>
    <datafield tag="337" ind1=" " ind2=" ">
      <subfield code="a">unmediated</subfield>
      <subfield code="b">n</subfield>
      <subfield code="2">rdamedia</subfield>
    </datafield>
    <datafield tag="338" ind1=" " ind2=" ">
      <subfield code="a">volume</subfield>
      <subfield code="b">nc</subfield>
      <subfield code="2">rdacarrier</subfield>
    </datafield>
    <datafield tag="490" ind1="0" ind2=" ">
      <subfield code="a">Sibley Music Library accession no.: 377825</subfield>
    </datafield>
    <datafield tag="600" ind1="1" ind2="0">
      <subfield code="a">Beethoven, Ludwig van,</subfield>
      <subfield code="d">1770-1827.</subfield>
    </datafield>
    <datafield tag="600" ind1="1" ind2="7">
      <subfield code="a">Beethoven, Ludwig van,</subfield>
      <subfield code="d">1770-1827.</subfield>
      <subfield code="2">fast</subfield>
      <subfield code="0">(OCoLC)fst00042803</subfield>
      <subfield code="1">https://id.oclc.org/worldcat/entity/E39PBJcGqDQFTYGptdQPd7RkDq</subfield>
    </datafield>
  </record>